| 000 | 00908cam a22002774a 4500 | ||
|---|---|---|---|
| 020 | _a0471201901 (cloth : alk. paper) | ||
| 040 | _cDLC | ||
| 082 | 0 | 0 |
_a338 WILEY 2002 A064 Or. _aB |
| 100 | 1 | _aMalone, Michael S. | |
| 245 | 1 | 0 |
_aBetting it all : _bthe entrepreneurs of technology / |
| 260 |
_aNew York : _bWiley, _cc2002. |
||
| 300 |
_axv, 272 p. : _bill. ; _c23 cm. |
||
| 500 | _aIncludes index. | ||
| 650 | 0 | _aBusinesspeople | |
| 650 | 0 | _aBusinesspeople | |
| 650 | 0 | _aComputer industry | |
| 650 | 0 | _aComputer software industry | |
| 650 | 0 | _aMicroelectronics industry | |
| 650 | 0 | _aEntrepreneurship | |
| 650 | 0 | _aMicroelectronics industry | |
| 650 | 0 | _aRisk. | |
| 856 | 4 | 2 | _uhttp://www.loc.gov/catdir/bios/wiley043/2001045447.html |
| 856 | 4 | 2 | _uhttp://www.loc.gov/catdir/description/wiley036/2001045447.html |
| 856 | 4 | 1 | _uhttp://www.loc.gov/catdir/toc/wiley021/2001045447.html |
| 942 | _cEK | ||
| 999 |
_c13880 _d13880 |
||